000 01275cam a2200277 4500
001 WS107553
008 000000n 000 0 eng u
035 _a(Sirsi) u107553
110 _aAmerican Congress on Surveying and Mapping
_958
245 _aAmerican Congress on Surveying and Mapping
520 _aWeb site for this US membership society for the spatial data information industry. Covers their professional publications, membership information and details of US government affairs in this area. Also gives downloadable versions of the ALTA/ASM minimum standard detail requirements and the land title survey standards and searchable journal abstracts. Includes links to various sub-groups.
650 0 _aAMERICAN ASSOCIATION OF GEODETIC SURVEYING
650 0 _aCARTOGRAPHIC AND GEOGRAPHIC INFORMATION SOCIETY
650 0 _aGEOGRAPHIC AND LAND INFORMATION SOCIETY
650 0 _aNATIONAL SOCIETY OF PROFESSIONAL SURVEYORS
650 _aUSA
650 _aINTERNATIONAL
650 _aORGANISATION
650 _aGeomatics
_96242
650 _aSPATIAL INFORMATION
650 _aMAPPING
650 _aLAND SURVEYING
690 _aMAPPING AND MEASUREMENT
856 4 0 _uhttps://www.acsm.net
_zView the website free of charge at www.acsm.net...
942 _n0
999 _c119553
_d119553